LEADER 01237nam0-2200421---450 001 990010113230403321 005 20180618140248.0 010 $a978-0-470-11539-8 035 $a001011323 035 $aFED01001011323 035 $a(Aleph)001011323FED01 035 $a001011323 100 $a20161024d2007----km-y0itay50------ba 101 0 $aeng 102 $aUS 105 $a--------001yy 200 1 $aTransport phenomena$fR. Byron Bird, Warren E. Stewart, Edwin N. Lightfoot 205 $arevised 2nd ed. 210 $aNew York$cJohn Wiley & Sons Inc.$dc2007 215 $aXII, 905 p.$d26 cm 610 0 $aMeccanica dei fluidi 676 $a530.138 700 1$aBird,$bR. Byron$09198 701 1$aStewart,$bWarren E.$0231 701 1$aLightfoot,$bEdwin N.$09199 801 0$aIT$bUNINA$gRICA$2UNIMARC 901 $aBK 912 $a990010113230403321 952 $a23 08 F 29$b1091 / 2016$fFINAG 952 $a23 08 D 06$b2028 / 2018$fFINAG 952 $a23 08 D 07$b2029 / 2018$fFINAG 952 $a13 05 03$b0996$fFINBC 952 $a13 H 16 20$b2026 / 2018$fFINBC 952 $a13 H 16 21$b2027 / 2018$fFINBC 959 $aFINBC 959 $aFINAG 996 $aTransport phenomena$9103109 997 $aUNINA LEADER 01644nam 2200361 n 450 001 996392997903316 005 20200824121850.0 035 $a(CKB)4940000000110570 035 $a(EEBO)2240930035 035 $a(UnM)99867019e 035 $a(UnM)99867019 035 $a(EXLCZ)994940000000110570 100 $a19940429d1661 uy | 101 0 $aeng 135 $aurbn||||a|bb| 200 14$aThe humble petition of Theophilus Brabourn unto the honourable Parliament, that, as all magistrates in the kingdome doe in their office, so bishops may be required in their office to own the Kings supremacy;$b[electronic resource] $ethe which they not do; as I conceive, and shall presently prove; yet so as I submit all to the wisdome of this honorable House, to correct or reject if they find cause 210 $a[London] $cPrinted for the author$d1661 215 $a[2], 14 p 300 $aPlace of publication from Wing. 300 $aAnnotation on Thomason copy: "march. 5". 300 $aReproduction of the original in the British Library. 330 $aeebo-0018 606 $aRoyal supremacy (Church of England)$vEarly works to 1800 615 0$aRoyal supremacy (Church of England) 700 $aBrabourne$b Theophilus$fb. 1590.$01004228 801 0$bCu-RivES 801 1$bCu-RivES 801 2$bCStRLIN 801 2$bWaOLN 906 $aBOOK 912 $a996392997903316 996 $aThe humble petition of Theophilus Brabourn unto the honourable Parliament, that, as all magistrates in the kingdome doe in their office, so bishops may be required in their office to own the Kings supremacy$92372099 997 $aUNISA